000 00861nas a2200277 4500
001 BR9204780
003 BR-BrBNA
005 20231205092757.0
007 ta
008 230509b bl.|||p| |||| 00| 00por d
040 _aBR-BrBNA
_bpor
_cBiblioteca Nacional de Agricultura
041 _a(Pt)
072 _aL02
100 1 _aPenna, V.M.
100 1 _aTorres, J.R.
100 1 _aCubas, A.C.
100 1 _aSampaio, I.B.M.
100 1 _aFonseca, C.G. da
245 1 _aVariacoes de pesos e ganhos de peso de animais da raca nelore apos a desmama
650 _aGADO NELORE
650 _aDESMAMA
650 _aGANHO DE PESO
773 0 _tArquivos da Escola de Veterinaria da Universidade Federal de Minas Gerais (Brazil)
_xISSN 0365-8384
_g(Aug 1982), v. 34(2) p. 353-365
_wBR9204780
909 _a202311
_bLúcia
_c55
_dLúcia Elande
942 _2AGRIS
_n0
_cANA
999 _c134106
_d134106